20 Most Famous Cities in Palestine on a Map - Statistics

General Stats
  • This quiz has been taken 231 times
  • The average score is 8 of 21
Answers on the Map
Answers color-coded by a green-red scale on the quiz's map according to % correct below.
 
Answer Stats
Wiki Monthly Views Cityquiz Mention Rate Population Answers % Correct
563.17K 26.81% 590.48K Gaza City
99%
59.62K 64.24% 281.16K East Jerusalem
91%
57.39K 16.55% 39.00K Ramallah
72%
166.38K 14.51% 28.59K Bethlehem
70%
26.21K 1.08% 171.90K Rafah
68%
63.70K 4.59% 201.06K Hebron
57%
142.05K 6.30% 20.91K Jericho
56%
12.96K 1.24% 205.12K Khan Yunis
47%
35.34K 2.93% 156.91K Nablus
47%
19.38K 1.07% 49.91K Jenin
35%
3.65K 0.33% 172.70K Jabalia
22%
9.82K 0.18% 64.53K Tulkarm
17%
3.13K 0.05% 52.24K Beit Hanoun
16%
3.22K 0.03% 75.13K Deir al-Balah
15%
5.90K 0.06% 51.68K Qalqilya
14%
3.65K 0.29% 45.98K Al-Bireh
8%
3.24K 0.05% 12.25K Abu Dis
7%
3.26K 0.05% 13.48K Beit Jala
6%
22.64K 0.19% 21.18K Bethany
4%
3.31K - 3.21K Sebastia
4%
4.46K - 0.71K Rawabi
3%
No matching quizzes found
Score Distribution
Percent of People with Each Score
Percentile by Number Answered
Your Score History
You have not taken this quiz